000 00868nam a2200253Ia 4500
003 OSt
005 20221005112726.0
006 a|||||r|||| 00| 0
007 ta
008 221004b |||||||| |||| 00| 0 pan d
020 _a9788182992832 (hbk)
_c500
024 _a15664
037 _b887, 08/09/2014, H.K. Prakashan
_cTextual
040 _aCRL
_cCRL
_bpan
041 _2pan
_apan
082 _aO153,1NSI:g, Q4
100 _aਅਮਰ ਕੋਮਲ
245 0 _aਡਾ. ਧਰਮਪਾਲ ਸਿੰਗਲ ਦਾ ਰਚਨਾ ਸੰਸਾਰ
260 _aਦਿੱਲੀ
_bਆਰਸੀ ਪਬਲਿFਰਗ਼ ਭਾਰਤ
_c2014
300 _a357ਪੰ
_ccm.
650 _aਪੰਜਾਬੀ ਸਾਹਿਤ
942 _hO153,1NSI:g, Q4
_cTEXL
_2cc
999 _c1025783
_d1025783